header

Awakening Africa's sleeping giant (Record no. 213947)

MARC details
000 -LEADER
fixed length control field 01941nam a22003614a 4500
082 04 - DEWEY DECIMAL CLASSIFICATION NUMBER
Classification number 338.1096652
245 00 - TITLE STATEMENT
Title Awakening Africa's sleeping giant
260 ## - PUBLICATION, DISTRIBUTION, ETC. (IMPRINT)
Place of publication Washington, DC :
Name of publisher World Bank ;
Place of publication Rome, Italy :
Name of publisher FAO :
-- Cooperazione italiana allo sviluppo,
Year of publication c2009.
300 ## - PHYSICAL DESCRIPTION
Number of Pages xii, 218 p. :
Other physical details ill., maps.
490 1# - SERIES STATEMENT
Series statement Directions in development. Agriculture and rural development
505 0# - FORMATTED CONTENTS NOTE
Formatted contents note Introductions and objectives -- Past experience : Asia and Latin America vs. Sub-Saharan Africa -- Outlook for commercial agriculture in Sub-Saharan Africa -- Commodity-specific competitiveness analysis -- Factors affecting the competitiveness of African agriculture -- Potential social and environmental impacts of commercial agriculture -- Conclusions and recommendations : opportunities and challenges.
650 #0 - SUBJECT ADDED ENTRY--TOPICAL TERM
Topical Term Agriculture
856 40 - ELECTRONIC LOCATION AND ACCESS
Uniform Resource Identifier http://site.ebrary.com/lib/rucke/Doc?id=10369828

No items available.

© 2026 Rongo University
Contact us: librarian | system librarian | Rongo university